| 000 | 00357nam a22000977a 4500 | ||
|---|---|---|---|
| 008 | 130416b xxu||||| |||| 00| 0 eng d | ||
| 020 | _a978047085331 | ||
| 050 |
_a570.285571262PAU _b002284 |
||
| 245 |
_aBioinformatics Biocomputing And Perl An Introduction to Bioinformatics Computing Skills And Practice _cPaul Barry,Michael Moorhouse |
||
| 260 |
_aUSA _bSpringer _c2004 |
||
| 999 |
_c23394 _d23394 |
||